Harry Potter Books by Line Quiz Stats

 Plays Quiz Updated May 14, 2018

Challenge
Share
Tweet
Embed
Score 0/7 Timer 01:00
15 Plays Today
% Correct
Deathly Hallows
62%
Chamber of Secrets
56.7%
Half-Blood Prince
49.8%
Prisoner of Azkaban
46.8%
Sorcerer's Stone
46.6%
Goblet of Fire
43.1%
Order of the Phoenix
42.8%

You're not logged in!

Compare scores with friends on all Sporcle quizzes.
Join for Free
OR
Log In

You Might Also Like...

Show Comments

Extras

Top Quizzes Today


Score Distribution

Your Account Isn't Verified!

In order to create a playlist on Sporcle, you need to verify the email address you used during registration. Go to your Sporcle Settings to finish the process.

Report this User

Report this user for behavior that violates our Community Guidelines.

Details: